Espejos: una historia casi universal

Saved in:
Bibliografiske detaljer
Hovedforfatter: Galeano, Eduardo (Author)
Format: Bog
Sprog:spansk
Udgivet: Madrid Siglo XXI 2008
Udgivelse:1a. ed
Fag:
Tags: Tilføj Tag
Ingen Tags, Vær først til at tagge denne postø!

MARC

LEADER 00000nam a2200000 a 4500
001 UCG3677
003 CL-VaPUC
008 100909e20080300sp |||||||||||||||||spa|d
020 |a 9789871492008 
082 0 4 |a 860  |b GAL  |2 21 
100 |a Galeano, Eduardo  |e author  |9 599485 
245 1 0 |a Espejos: una historia casi universal 
250 |a 1a. ed 
300 |a 365 p 
942 |c BK 
945 |d 20100909 00:00:00  |a mfarfan 
260 |a Madrid  |b Siglo XXI  |c 2008 
650 0 |a Ensayos  |9 268724 
650 0 |a Historia  |9 255047 
650 7 |a ESCRITORES URUGUAYOS  |2 CL-VaPUC  |9 543734 
583 |a last modification  |c 20171213 01:56:12  |k Rodrigo Vera 
999 |c 342723  |d 342721 
952 |0 0  |1 0  |4 0  |6 860_000000000000000_GAL_2008  |7 0  |8 C  |9 439202  |a BIBCUR  |b BIBCUR  |d 2019-11-22  |i 4714709  |l 1  |m 1  |o 860 GAL 2008  |p 4714709  |r 2025-04-22  |s 2024-04-15  |w 2019-11-22  |y BK  |k CAC